Doctrinas esenciales. Derecho civil
Guardat en:
| Autor principal: | |
|---|---|
| Format: | Llibre |
| Idioma: | espanyol |
| Publicat: |
Santiago
PuntoLex
2009
Santiago Jurídica de Chile 2009 |
| Matèries: | |
| Etiquetes: |
Afegir etiqueta
Sense etiquetes, Sigues el primer a etiquetar aquest registre!
|
MARC
| LEADER | 00000nam a2200000 a 4500 | ||
|---|---|---|---|
| 001 | UCG0380 | ||
| 003 | CL-VaPUC | ||
| 008 | 100325e20090000CL |||||||||||||||||spa|d | ||
| 020 | |a 9789568541842o.c | ||
| 082 | 0 | 4 | |a 346.83 |b TAV |2 21 |
| 100 | 0 | |a Tavolari Oliveros, Raúl |e author |9 520639 | |
| 245 | 1 | 0 | |a Doctrinas esenciales. Derecho civil |
| 300 | |a 2 t | ||
| 942 | |c BK | ||
| 945 | |d 20100325 00:00:00 |a rbrito | ||
| 260 | |a Santiago |b PuntoLex |c 2009 | ||
| 260 | |a Santiago |b Jurídica de Chile |c 2009 | ||
| 500 | |a t.1 y t.2: Obligaciones | ||
| 500 | |a Revista de Derecho y Jurisprudencia | ||
| 600 | 0 | 7 | |a REVISTA DE DERECHO Y JURISPRUDENCIA |2 CL-VaPUC |9 547766 |
| 650 | 0 | |a Derecho civil |9 255013 | |
| 650 | 0 | |a Obligaciones |9 255578 | |
| 650 | 7 | |a RESPONSABILIDAD CIVIL |2 CL-VaPUC |9 547767 | |
| 650 | 0 | |a Responsabilidad contractual |9 256720 | |
| 650 | 0 | |a Responsabilidad extracontractual |9 336742 | |
| 650 | 0 | |a Derecho privado |9 258243 | |
| 583 | |a last modification |c 20161102 12:53:28 |k Rodrigo Vera | ||
| 999 | |c 340021 |d 340019 | ||
| 952 | |0 0 |1 0 |4 0 |6 346_830000000000000_TAV_2009_2009 |7 0 |8 A |9 434330 |a BIBDER |b BIBDER |d 2019-11-22 |h t.1 |i 4654145 |o 346.83 TAV 2009 2009 |p 4654145 |r 2023-01-25 |w 2019-11-22 |y BK |k DER | ||
| 952 | |0 0 |1 0 |4 0 |6 346_830000000000000_TAV_2009_2009 |7 0 |8 A |9 434331 |a BIBDER |b BIBDER |d 2019-11-22 |h t.2 |i 4654153 |l 1 |o 346.83 TAV 2009 2009 |p 4654153 |r 2023-08-16 |s 2023-08-07 |w 2019-11-22 |y BK |k DER | ||